Kontrak & kewajipan : Undang-undang di beberapa negara ASEAN yang dipilih

Bibliographic Details
Main Author: SHAIK Mohd. Noor Alam bin S.M. Hussain
Format: Book
Published: Kuala Lumpur : DBP , 1998
Subjects:

MARC

LEADER 00000cam a2200000 7i4500
001 0000000113
005 20000704.0
020 0 0 |a 983625336X 
090 0 0 |a 346.5902   |b SHA 1998 
100 0 0 |a SHAIK Mohd. Noor Alam bin S.M. Hussain 
245 1 0 |a Kontrak & kewajipan :   |b Undang-undang di beberapa negara ASEAN yang dipilih   |c Shaik Mohd. Noor Alam bin S.M. Hussain 
260 0 0 |a Kuala Lumpur :   |b DBP ,   |c 1998 
300 |a lxix, 424 p. ;   |c 23 cm. 
500 0 0 |a Bibliography: [p. 407-418] and index 
650 0 0 |a Civil law   |z Asia, Southeastern 
650 0 0 |a Common law   |z Asia, Southeastern 
650 0 0 |a Contracts   |z Asia, Southeastern 
650 0 0 |a Law   |z Asia, Southeastern 
650 0 0 |a Remedies (law)   |z Asia, Southeastern 
999 |a 0000001328   |b Monograph   |c Open Shelf   |e Default branch